Dare to share: Germany's experience promoting equal partnership in families

Na minha lista:
Detalhes bibliográficos
Formato: Livro
Idioma:inglês
Publicado em: Paris OECD 2016
Assuntos:
Tags: Adicionar Tag
Sem tags, seja o primeiro a adicionar uma tag!

MARC

LEADER 00000nam a2200000 4500
001 0233948
005 20221107100844.1
020 |a 978-92-64-25914-0 
041 0 |a eng 
044 |a FR 
245 1 0 |a Dare to share: Germany's experience promoting equal partnership in families 
264 1 |a Paris  |b OECD  |c 2016 
300 |a 236 s. 
610 2 0 |a rodina 
610 2 0 |a deti 
610 2 0 |a ženy 
610 2 0 |a trh práce 
610 2 0 |a nerovnosť príjmová 
610 2 0 |a nerovnosť rodová 
610 2 0 |a Nemecko 
610 2 0 |a Francúzsko